000 00908cam a2200205 4500
001 WB3806-12
008 020214n2002 000 0 eng u
035 _a(Sirsi) u116729
245 _aHotel sector remains strong
260 _c2002
490 _aChristie & Co Press Release
_v8 February 2002, (2)
520 _aThe hotel market remains steady in terms of supply and demand with hotel values rising 5.1% in 2001, according to Christie & Co. The property agents report that the US terrorist attacks have created a two-tier hotel market with corporate operators hit by the fall in tourists and business travellers while the independent sector is pushed by a buoyant residential property market.
590 _aWB
650 _aTERRORISM
650 _aCHRISTIE & CO
650 _aHOTEL MARKET
650 _aHOTELS
690 _aPROPERTY-COMMERCIAL PROPERTY-COMMERCIAL PROPERTY MARKET
942 _n0
999 _c69532
_d69532